Molekulová fyzika

Bibliographic Details
Main Author: Veis, Š. (Author)
Format: Book
Language:Undetermined
PhysicalDescription:167 s.
Published: Bratislava Slovenské pedagogické nakladateľstvo 1964

MARC

LEADER 00000nam a2200000 a 4500
001 vtls001416166
003 SK-MaSNL
005 20260301012637.0
008 240315s1964 xx 0 und
035 |a SNK000370915 
040 |a SNK  |b slo  |c SNK  |e AACR2 
100 1 |a Veis, Š.  |4 aut  |9 298003 
245 1 |a Molekulová fyzika 
260 |a Bratislava  |b Slovenské pedagogické nakladateľstvo  |c 1964 
300 |a 167 s. 
958 |a OND 
999 |c 554028  |d 555958 
952 |t P60, <04>, [BOOK], {604}  |a SNK  |b SNK  |y VYP  |7 0  |p 17A0304222  |o snkSB 10399 D1  |0 0  |1 0  |4 0  |d 2001-07-02  |l 0  |r 2005-01-02 00:00:00  |w 2026-02-23 
952 |a SNK  |b SNK  |y PREZ  |7 0  |p 17A0304282  |o snkSB 10399  |0 0  |1 0  |4 0  |d 2001-07-02  |l 0  |r 2025-02-28 00:00:00  |w 2026-02-23